Bioprodukty ako súčasť produktovej politiky

Produktová politika v kontexte rozširovania ponuky bioproduktov. Súčasný stav trhu s biopotravinami. Spotrebiteľská akceptácia bioproduktov.

Gespeichert in:
Bibliographische Detailangaben
1. Verfasser: Lieskovská, Vanda, 1961-
Weitere Verfasser: Hajduová, Zuzana, 1974-, Bilohuščinová, Denisa, Andrejkovič, Marek
Format: Buchkapitel
Sprache:Slowakisch
Schlagworte:
Tags: Tag hinzufügen
Keine Tags, Fügen Sie das erste Tag hinzu!

MARC

LEADER 00000nla$a2200000$$$4500
001 0142166
005 20240502072540.2
041 0 |a slo 
044 |a SK 
245 1 0 |a Bioprodukty ako súčasť produktovej politiky  |c Vanda Lieskovská, Zuzana Hajduová, Denisa Bilohuščinová, Marek Andrejkovič 
520 |a Produktová politika v kontexte rozširovania ponuky bioproduktov. Súčasný stav trhu s biopotravinami. Spotrebiteľská akceptácia bioproduktov. 
610 2 0 |a bioprodukty 
610 2 0 |a politika výrobková 
610 2 0 |a správanie spotrebiteľa 
610 2 0 |a Európska únia 
610 2 0 |a marketing 
610 2 0 |a biopotraviny 
100 1 |a Lieskovská, Vanda, 1961- 
700 1 |a Hajduová, Zuzana, 1974- 
700 1 |a Bilohuščinová, Denisa 
700 1 |a Andrejkovič, Marek